header

Participatory composition (Record no. 36339)

MARC details
000 -LEADER
fixed length control field 01791nam a2200361 a 4500
082 04 - DEWEY DECIMAL CLASSIFICATION NUMBER
Classification number 302.23/1
100 1# - MAIN ENTRY--AUTHOR NAME
Personal name Arroyo, Sarah J.,
245 10 - TITLE STATEMENT
Title Participatory composition
260 ## - PUBLICATION, DISTRIBUTION, ETC. (IMPRINT)
Place of publication Carbondale :
Name of publisher Southern Illinois University Press,
Year of publication 2013.
300 ## - PHYSICAL DESCRIPTION
Number of Pages ix, 169 p.
505 0# - FORMATTED CONTENTS NOTE
Formatted contents note Introduction: Electracy, Videocy, and Participatory Composition -- Recasting subjectivity for electracy: from singularities to tubers -- The question of definition: choric invention and participatory composition -- Who speaks when something is spoken? Playing nice in video culture -- Participatory pedagogy: merging postprocess and postpedagogy -- Afterword: Productive knowledge, participatory composition.
650 #0 - SUBJECT ADDED ENTRY--TOPICAL TERM
Topical Term Online authorship.
Topical Term Digital media.
Topical Term Communication and technology.
Topical Term Multimedia systems
856 40 - ELECTRONIC LOCATION AND ACCESS
Uniform Resource Identifier http://site.ebrary.com/lib/rucke/Doc?id=10736576

No items available.

© 2026 Rongo University
Contact us: librarian | system librarian | Rongo university